Appraisal and repair of timber structures (Record no. 100571)

MARC details
000 -LEADER
fixed length control field 00974cam a2200217 4500
008 - FIXED-LENGTH DATA ELEMENTS--GENERAL INFORMATION
fixed length control field 000000n2002 000 0 eng u
020 ## - INTERNATIONAL STANDARD BOOK NUMBER
International Standard Book Number 0727720511
035 ## - SYSTEM CONTROL NUMBER
System control number (Sirsi) u106526
041 ## - LANGUAGE CODE
Language code of text/sound track or separate title eng.
050 ## - LIBRARY OF CONGRESS CALL NUMBER
Classification number 694.0288
100 ## - MAIN ENTRY--PERSONAL NAME
Personal name Ross, P.
245 ## - TITLE STATEMENT
Title Appraisal and repair of timber structures
260 ## - PUBLICATION, DISTRIBUTION, ETC.
Place of publication, distribution, etc. London
Name of publisher, distributor, etc. Thomas Telford
Date of publication, distribution, etc. 2002
300 ## - PHYSICAL DESCRIPTION
Extent v,244p.
Dimensions 26cm.
350 ## - PRICE (NR) (BK AM CF MU VM SE) [OBSOLETE]
Price 65.00
520 ## - SUMMARY, ETC.
Summary, etc. Addresses the varied potential problems that can occur in all types of timber construction, from fungal and insect attack, through degradation of joints, frame instability, and structural inadequacy to accidental damage. Also describes the techniques of visual inspection, investigative techniques and structural appraisal. Remedial and repair methods are described in detail, and all points raised are illustrated by case studies.
650 ## - SUBJECT ADDED ENTRY--TOPICAL TERM
Topical term or geographic name entry element TIMBER STRUCTURES
650 ## - SUBJECT ADDED ENTRY--TOPICAL TERM
Topical term or geographic name entry element REPAIRS
690 ## - LOCAL SUBJECT ADDED ENTRY--TOPICAL TERM (OCLC, RLIN)
Topical term or geographic name as entry element BUILT ENVIRONMENT-CONSTRUCTION DESIGN
942 ## - ADDED ENTRY ELEMENTS (KOHA)
Suppress in OPAC 0
Holdings
Withdrawn status Lost status Source of classification or shelving scheme Damaged status Not for loan Home library Current library Shelving location Date acquired Cost, normal purchase price Total Checkouts Full call number Barcode Date last seen Date last checked out Copy number Cost, replacement price Price effective from Koha item type
    Dewey Decimal Classification     London London Books 16/05/2002 25.50 9 694.0288 ROS 30065875 06/08/2019 03/05/2007 1 25.50 06/08/2019 Book